Biggest Cities by Decade - Missouri - Statistics

General Stats
  • This quiz has been taken 7 times
  • The average score is 13 of 20
Answer Stats
Years in Top 10 City % Correct
1870- Kansas City
100%
1850, 1870- Springfield
100%
1820- St. Louis
100%
1830-1860, 1950- Columbia
83%
1830-1870, 1890, 1920, 1950- Independence
83%
1860-1960 Jefferson City
83%
1880-1990 Joplin
83%
1990- Lee's Summit
83%
1820-1880, 1900, 1980- St. Charles
83%
2000- Blue Springs
67%
1860-1870, 1930-1950 Cape Girardeau
67%
2010- O'Fallon
67%
1850- St. Joseph
67%
1850-1940 Hannibal
50%
1960-2000 Florissant
33%
1970 Raytown
33%
1870-1940 Sedalia
33%
1820-1860 Ste. Genevieve
33%
1880-1920 Moberly
0%
1930-1980 University City
0%
No matching quizzes found
Score Distribution
Percent of People with Each Score
Percentile by Number Answered
Your Score History
You have not taken this quiz